000 01583nam a2200325 ia4500
003 OSt
005 20260407110918.0
008 260407t20252023enka brb 000 0 eng d
020 _a9780241725924
_cRM 98.90
_qhardback
040 _aPPAK
_beng
_cPPAK
_erda
082 0 4 _223
_a616.85227
090 0 0 _a616.85227
_bHAL
_dK
100 1 _aHall, Hazel,
_c(Children's author),
_eauthor.
245 1 0 _aa kids book about OCD /
_cby Hazel Hall ; illustrated by McKenzie Young-Roy.
246 3 0 _aKids book about obsessive compulsive disorder
246 3 0 _aObsessive compulsive disorder
264 1 _aLondon :
_bDorling Kindersley Limited,
_c[2025]
264 4 _c©2023
300 _a1 volume (unpaged) :
_bcolour illustrations ;
_c26 cm
336 _atext
_2rdacontent
337 _aunmediated
_2rdamedia
338 _avolume
_2rdacarrier
490 1 _aa kids book about
520 _aLearn more about OCD and what it's like to live with it. OCD (Obsessive Compulsive Disorder) is a mental health condition. People with OCD have recurring, repetitive thoughts that can feel impossible to ignore. This book was written by a kid who has OCD, and illustrated by a grownup who has OCD, too. It offers a unique insight into the condition, a warmth and openness about what it is like, and th opportunity for readers to grow in understanding.
650 1 0 _aObsessive-compulsive disorder
_vJuvenile literature
650 2 0 _aNeurodiversity
_vJuvenile literature
700 1 _aYoung-Roy, McKenzie,
_eillustrator.
830 0 _aa kids book about
942 _2ddc
_cB
999 _c203719
_d203719